01759nam a2200277 a 4500001001000000003000900010005001700019008003500036040002600071082002900097100002200126240001400148245021200162250001100374260003600385300002800421500007400449505052900523534013301052650005801185651005701243651004901300700001901349700003801368710007501406000000088DO-SdBNP20221101082342.0090122s1991 dr a 001 0 spa d aDO-SdBNPbspacBPMSU  4a338.642bP849c, 19912221 aPortes, Alejandro10lespañol10aCapitalistas del trópico :bla inmigración en los Estados Unidos y el desarrollo de la pequeña empresa en la República Dominicana /cAlejandro Portes, Luis Guarnizo ; Rosa Inés Bueno, traducción. a2a ed. aSanto Domingo :bFLASCO,c1991. a117 p. :bil. ;c22 cm. 3Incluye referencias bibliográficas y notas al pie de las páginas 0 aPrólogo ---tPrefacio a la edición en español -tI. Generalidades: la inmigración y sus tipos --tII. Teorías sobre migración y desarrollo --tIII. La inmigración dominicana --tIV. La economía dominicana en los ochenta --tV. Metodología --tVI. La comunidad inmigrante dominicana de New York: hallazgos preliminares --tVII. Empresas dominicanas vinculadas con la migración: perfil de la muestra --tVIII. La comunidad inmigrante y el desarrollo de la pequeña empresa dominicana --tIX. Conclusiones. aTítulo original : tTropical capitalists : U. S. -bound immigration and small-enterprise development in the Dominican Republic 4a Pequeña y mediana empresa zRepública Dominicana 4aRepública DominicanaxEmigración E Inmigración 4aEstados UnidosxEmigración E Inmigración12aGuarnizo, Luis1 aBueno, Rosa Inés,etraducción2 aFacultad Latinoamericana de Ciencias Sociales (República Dominicana)